000 00215 a2200097 4500
001 47479
100 _aDivine D
245 _aThe nine days of dunkire
260 _aLondon
_bFaber & Faber
_c
090 _c30501
_d30501
942 _aNUST-CAE
_cM
_c22783
999 _c282552
_d282552